000
00264nam a22001097a 4500
008
170124b xxu||||| |||| 00| 0 eng d
020
_a
0801651956
041
_a
eng
080
_2
2ND
_a
618.2
245
_a
MOSBY'S MEDICAL & NURSING DICTIONARY
_c
MOSBY
942
_2
udc
_c
BK
999
_c
3488
_d
3488